[Event "HUN-ch U20"]
[Site "Szolnok"]
[Date "2024.04.06"]
[Round "9"]
[White "Hegedus, Bernat"]
[Black "Meszaros Csonka, David"]
[Result "0-1"]
[WhiteElo "1778"]
[BlackElo "1941"]
[PlyCount "116"]
[EventDate "2024.03.31"]
[EventType "swiss"]
[EventRounds "9"]
[EventCountry "HUN"]
[SourceTitle "CB16_2024"]
[SourceDate "2024.04.17"]
[SourceVersion "1"]
[SourceVersionDate "2024.04.17"]
[SourceQuality "1"]

1. Nf3 d5 2. g3 Nf6 3. Bg2 c6 4. 0-0 Bf5 5. d3 e6 6. c4 Be7 7. Qb3 Qb6 8. Be3 Qa6 9. cxd5 exd5 10. Nd4 Bg6 11. Nc3 Nbd7 12. Bf4 0-0 13. Rfd1 Rfe8 14. e4 Bc5 15. Nc2 dxe4 16. dxe4 Ne5 17. Bf1 Qb6 18. Qxb6 Bxb6 19. Bg2 Neg4 20. Ne3 Nxe3 21. Bxe3 Bxe3 22. fxe3 Bxe4 23. Nxe4 Nxe4 24. Rd7 Nc5 25. Rc7 Rac8 26. Rxc8 Rxc8 27. Rd1 Kf8 28. b4 Ne6 29. Rd7 Rc7 30. Rxc7 Nxc7 31. a4 Ke7 32. Kf2 Kd6 33. Ke2 Nd5 34. b5 Nc3+ 35. Kd3 Nxa4 36. Kc4 Nb6+ 37. Kb4 Nd5+ 38. Ka5 Nxe3 39. Be4 Nc4+ 40. Kb4 Ne5 41. bxc6 Nxc6+ 42. Kb5 h6 43. h4 Ke5 44. Bg2 Kd4 45. g4 Ke3 46. h5 Kf4 47. Bd5 f6 48. Bf7 Kxg4 49. Kc5 f5 50. Kd6 f4 51. Kd7 Ne5+ 52. Ke7 Nxf7 53. Kxf7 Kxh5 54. Kg8 f3 55. Kh8 f2 56. Kh7 f1Q 57. Kg8 Kg6 58. Kh8 Qf8# 0-1

[Event "HUN-ch U20"]
[Site "Szolnok"]
[Date "2024.04.04"]
[Round "6"]
[White "Hegedus, Bernat"]
[Black "Liu, James Jiayu"]
[Result "1-0"]
[WhiteElo "1778"]
[BlackElo "1782"]
[PlyCount "161"]
[EventDate "2024.03.31"]
[EventType "swiss"]
[EventRounds "9"]
[EventCountry "HUN"]
[SourceTitle "CB16_2024"]
[SourceDate "2024.04.17"]
[SourceVersion "1"]
[SourceVersionDate "2024.04.17"]
[SourceQuality "1"]

1. d4 d5 2. c4 e6 3. Nc3 Nf6 4. cxd5 exd5 5. Bg5 Be7 6. e3 0-0 7. Bd3 Nbd7 8. Qc2 h6 9. Bh4 c6 10. f3 Re8 11. Nge2 Qc7 12. Bf2 Nb6 13. g4 Bxg4 14. fxg4 Nxg4 15. Bg3 Bd6 16. 0-0-0 Nxe3 17. Qd2 Nxd1 18. Rxd1 Re6 19. Bf5 Nc4 20. Qd3 Re3 21. Qc2 Rae8 22. Bd3 Rxe2 23. Nxe2 Ne3 24. Qd2 Nxd1 25. Qxd1 c5 26. dxc5 Qxc5+ 27. Kb1 Bxg3 28. hxg3 Qe3 29. Qc2 g5 30. a3 h5 31. Ka2 Re7 32. Qc8+ Re8 33. Qf5 h4 34. gxh4 gxh4 35. Qh7+ Kf8 36. Qh8+ Ke7 37. Qxh4+ Kd6 38. Bb5 Rc8 39. Qb4+ Rc5 40. Qa5 b6 41. Qb4 a5 42. Qa4 Qe4 43. Qb3 a4 44. Qg3+ Qe5 45. Qd3 f5 46. Nd4 Qe4 47. Qg3+ f4 48. Qg7 Rc7 49. Qf6+ Kc5 50. Ne6+ Kxb5 51. Nxc7+ Ka5 52. Qc6 Qc4+ 53. Qxc4 dxc4 54. Nd5 f3 55. Ne3 Kb5 56. Kb1 Kc5 57. Kc2 Kd4 58. Kd2 f2 59. Nf1 b5 60. Ng3 Kd5 61. Kc3 Ke5 62. Kb4 Kd4 63. Nf1 Kd3 64. Kxb5 c3 65. bxc3 Kxc3 66. Kxa4 Kc4 67. Nd2+ Kd3 68. Nf1 Kc4 69. Ka5 Kc5 70. Ka6 Kc6 71. a4 Kc5 72. Nd2 Kc6 73. a5 Kc7 74. Kb5 Kb7 75. a6+ Ka7 76. Ka5 Ka8 77. Kb6 Kb8 78. Nf1 Ka8 79. Ne3 Kb8 80. a7+ Ka8 81. Nd5 1-0

[Event "HUN-ch U20"]
[Site "Szolnok"]
[Date "2024.04.04"]
[Round "7"]
[White "Papai, Mate"]
[Black "Hegedus, Bernat"]
[Result "1/2-1/2"]
[WhiteElo "1887"]
[BlackElo "1778"]
[PlyCount "72"]
[EventDate "2024.03.31"]
[EventType "swiss"]
[EventRounds "9"]
[EventCountry "HUN"]
[SourceTitle "CB16_2024"]
[SourceDate "2024.04.17"]
[SourceVersion "1"]
[SourceVersionDate "2024.04.17"]
[SourceQuality "1"]

1. d4 d5 2. c4 e6 3. Nc3 c6 4. Nf3 Nf6 5. cxd5 exd5 6. Bg5 h6 7. Bh4 Bf5 8. e3 Qb6 9. Qc1 Nbd7 10. Bxf6 Nxf6 11. Ne5 Bd6 12. Bd3 Bxd3 13. Nxd3 Ne4 14. 0-0 0-0 15. Nxe4 dxe4 16. Nc5 Bxc5 17. dxc5 Qb4 18. Rd1 Rad8 19. Qc2 Rd5 20. Rxd5 cxd5 21. a3 Qb5 22. b4 Rc8 23. Rd1 a5 24. Qc3 b6 25. Rxd5 bxc5 26. Rxc5 Rxc5 27. Qxc5 Qxc5 28. bxc5 Kf8 29. Kf1 Ke7 30. Ke2 Kd7 31. Kd2 Kc6 32. Kc3 Kxc5 33. a4 f5 34. g3 g5 35. h4 Kd5 36. h5 Kc5 1/2-1/2

[Event "Hajduszoboszlo op 2nd"]
[Site "Hajduszoboszlo"]
[Date "2024.02.09"]
[Round "2"]
[White "Hegedus, Bernat"]
[Black "Molnar, Laszlo7"]
[Result "0-1"]
[WhiteElo "1772"]
[BlackElo "1268"]
[PlyCount "66"]
[EventDate "2024.02.08"]
[EventType "swiss"]
[EventRounds "7"]
[EventCountry "HUN"]
[SourceTitle "CB08_2024"]
[SourceDate "2024.02.21"]
[SourceVersion "1"]
[SourceVersionDate "2024.02.21"]
[SourceQuality "1"]

1. d4 Nf6 2. c4 e6 3. Nc3 Bb4 4. e3 0-0 5. Bd2 d5 6. a3 Bxc3 7. Bxc3 Nc6 8. Nf3 b6 9. Bd3 Ba6 10. 0-0 Bxc4 11. Bxc4 dxc4 12. Qe2 Qd5 13. Nd2 Ne7 14. e4 Qh5 15. Qxc4 c6 16. Bb4 c5 17. dxc5 Rfc8 18. Rac1 a5 19. Bc3 Rxc5 20. Qd3 Ng4 21. Nf3 Ng6 22. Rfd1 h6 23. h3 N4e5 24. Nxe5 Nxe5 25. Qg3 Ng6 26. Bd2 Rac8 27. Bc3 a4 28. Rd4 Rg5 29. Qd3 Rxg2+ 30. Kxg2 Nf4+ 31. Kg1 Nxd3 32. Rxd3 Qg5+ 33. Kh2 Qxc1 0-1

[Event "HUN-ch U10/14"]
[Site "Buek"]
[Date "2023.06.23"]
[Round "7"]
[White "Hegedus, Bernat"]
[Black "Lako, Peter"]
[Result "1-0"]
[WhiteElo "1629"]
[BlackElo "1231"]
[PlyCount "105"]
[EventDate "2023.06.17"]
[EventType "swiss"]
[EventRounds "9"]
[EventCountry "HUN"]
[SourceTitle "CBM 215 Extra"]
[Source "ChessBase"]
[SourceDate "2023.09.30"]
[SourceVersion "1"]
[SourceVersionDate "2023.09.30"]
[SourceQuality "1"]

1. d4 c5 2. d5 d6 3. c4 g6 4. Qc2 Bg7 5. e4 Nf6 6. h3 0-0 7. Nf3 e6 8. Bd3 Re8 9. 0-0 b6 10. Bf4 Bb7 11. Nc3 a6 12. a3 Nbd7 13. b4 Qc7 14. Rfb1 exd5 15. exd5 cxb4 16. axb4 Ne5 17. Nxe5 dxe5 18. Be3 e4 19. Be2 Nxd5 20. cxd5 Qxc3 21. Qa2 Qe5 22. Rd1 Qd6 23. Rab1 f5 24. g3 Be5 25. Bc5 bxc5 26. bxc5 Qxc5 27. Rxb7 Qd6 28. Rdb1 Kh8 29. R1b6 Qc5 30. Rc6 Qd4 31. Kg2 e3 32. f4 Bg7 33. d6 Qe4+ 34. Bf3 Qd3 35. Rb1 Rab8 36. Rd1 Qxd1 37. Bxd1 Rb2+ 38. Qxb2 Bxb2 39. Kf3 Kg7 40. Rxa6 h6 41. d7 Rd8 42. Ba4 Bd4 43. Re6 g5 44. Re7+ Kg6 45. Re6+ Kf7 46. Rxh6 g4+ 47. hxg4 fxg4+ 48. Ke2 Rb8 49. Rd6 Rb2+ 50. Kd3 e2 51. d8Q e1Q 52. Rd7+ Kg6 53. Qg5# 1-0

[Event "HUN-ch U10/14"]
[Site "Buek"]
[Date "2023.06.22"]
[Round "6"]
[White "Fan, Xiaotong"]
[Black "Hegedus, Bernat"]
[Result "1-0"]
[WhiteElo "1497"]
[BlackElo "1629"]
[PlyCount "123"]
[EventDate "2023.06.17"]
[EventType "swiss"]
[EventRounds "9"]
[EventCountry "HUN"]
[SourceTitle "CBM 215 Extra"]
[Source "ChessBase"]
[SourceDate "2023.09.30"]
[SourceVersion "1"]
[SourceVersionDate "2023.09.30"]
[SourceQuality "1"]

1. e4 c5 2. Nf3 d6 3. d4 cxd4 4. Qxd4 Nf6 5. Bg5 Nbd7 6. Bb5 a6 7. Ba4 b5 8. Bb3 Bb7 9. Nc3 e6 10. 0-0-0 Be7 11. Rhe1 h6 12. Bxf6 Nxf6 13. e5 dxe5 14. Qxe5 Qb6 15. Nd4 Qc5 16. Qg3 Qg5+ 17. Qxg5 hxg5 18. Bxe6 fxe6 19. Nxe6 Rc8 20. Nxg7+ Kf7 21. Ne6 Rxh2 22. Nxg5+ Kf8 23. Rh1 Rxh1 24. Rxh1 Bxg2 25. Rh8+ Ng8 26. f4 Rc4 27. Kd2 Bd6 28. Ne2 Bf1 29. b3 Rc6 30. Ne6+ Ke7 31. N2d4 Bb4+ 32. Ke3 Rc8 33. Kf2 Bc3 34. Kxf1 Kd6 35. Rh3 Bxd4 36. Nxd4 Rf8 37. Ne2 Kc5 38. a3 Nf6 39. b4+ Kc4 40. Rc3+ Kd5 41. Rc5+ Ke4 42. Rc6 Ng4 43. c3 Rh8 44. Ke1 Kd3 45. Rd6+ Ke3 46. Ng3 Kxf4 47. Nf1 Re8+ 48. Kd2 Kf3 49. Kc2 Re2+ 50. Nd2+ Ke3 51. Re6+ Kf2 52. Rxe2+ Kxe2 53. Ne4 Ne3+ 54. Kb3 Nc4 55. Nc5 a5 56. bxa5 Nxa5+ 57. Kb4 Nc4 58. a4 bxa4 59. Kxc4 a3 60. Kb3 a2 61. Kxa2 Kd2 62. Kb3 1-0

[Event "HUN-ch U10/14"]
[Site "Buek"]
[Date "2023.06.20"]
[Round "2"]
[White "Hegedus, Bernat"]
[Black "Liu, James Jiayu"]
[Result "1-0"]
[WhiteElo "1629"]
[BlackElo "1636"]
[PlyCount "53"]
[EventDate "2023.06.17"]
[EventType "swiss"]
[EventRounds "9"]
[EventCountry "HUN"]
[SourceTitle "CBM 215 Extra"]
[Source "ChessBase"]
[SourceDate "2023.09.30"]
[SourceVersion "1"]
[SourceVersionDate "2023.09.30"]
[SourceQuality "1"]

1. d4 d5 2. c4 e6 3. Nc3 Nf6 4. cxd5 exd5 5. Bg5 c6 6. Qc2 Be7 7. e3 h6 8. Bh4 Bg4 9. Bd3 Nbd7 10. f3 Be6 11. Nge2 Qc7 12. Bg3 Bd6 13. Nf4 0-0-0 14. Qa4 Kb8 15. Rc1 g5 16. Nfe2 h5 17. b4 h4 18. Bxd6 Qxd6 19. b5 Nb6 20. Qa5 Rc8 21. bxc6 bxc6 22. Ba6 Rc7 23. Rb1 Bc8 24. Na4 Qa3 25. Nec3 Ka8 26. Nxb6+ axb6 27. Qxa3 1-0

[Event "EU-ch Hybrid U08"]
[Site "Tornelo INT"]
[Date "2021.10.15"]
[Round "6"]
[White "Hegedus, Bernat"]
[Black "Mihali Viorescu, Andrei"]
[Result "1-0"]
[WhiteElo "1272"]
[BlackElo "1002"]
[PlyCount "109"]
[EventDate "2021.10.15"]
[EventType "swiss"]
[EventRounds "9"]
[EventCountry "NET"]
[SourceTitle "EXT 2023"]
[Source "ChessBase"]
[SourceDate "2022.10.05"]
[SourceVersion "1"]
[SourceVersionDate "2022.10.05"]
[SourceQuality "1"]
[WhiteTeam "Hungary"]
[BlackTeam "Romania"]
[WhiteTeamCountry "HUN"]
[BlackTeamCountry "ROU"]

1. d4 Nf6 2. c4 c5 3. d5 e6 4. Nc3 exd5 5. cxd5 d6 6. e4 g6 7. Bb5+ Bd7 8. Bxd7+ Nbxd7 9. Nge2 Bg7 10. f3 0-0 11. 0-0 Re8 12. Bg5 Qc7 13. Qd2 Ne5 14. Bh6 Nc4 15. Qc1 Bh8 16. Nb5 Qb6 17. Qxc4 a6 18. Nbc3 Qxb2 19. Rfb1 b5 20. Rxb2 bxc4 21. Rb6 Nd7 22. Rxd6 Red8 23. Rb1 Ne5 24. Rxd8+ Rxd8 25. Rb6 Nd3 26. Rxa6 f6 27. Na4 g5 28. Rc6 Kf7 29. Nxc5 Ne5 30. Ra6 Kg6 31. Bxg5 Kxg5 32. f4+ Kh5 33. fxe5 fxe5 34. d6 Bg7 35. Ra7 Bf8 36. Rxh7+ Kg6 37. Rd7 Rxd7 38. Nxd7 Bxd6 39. Nc3 Bb4 40. Nd5 Bd2 41. Nxe5+ Kg5 42. Nxc4 Be3+ 43. Ndxe3 Kf4 44. Nd2 Kxe3 45. e5 Kxd2 46. e6 Kc1 47. e7 Kb1 48. a4 Ka1 49. e8Q Ka2 50. a5 Ka3 51. a6 Kb3 52. a7 Kc2 53. a8Q Kd1 54. Qa2 Kc1 55. Qe1# 1-0